000 00589nam a2200181Ia 4500
008 220216s9999 xx 000 0 und d
100 _aPushpadas M V
245 0 _aBrown bast disease of rubber trees
260 _bRubber Board Bulletin
_c1995
300 _a32-34
500 _aSource Year: 1996
520 _aThe symptoms, causes, mechanism and prevention/cure of brown bast [a disorder of rubber trees now known as tapping panel dryness] are discussed.
650 _aBrown bast
650 _aHevea brasiliensis
650 _aTapping panel dryness
856 _uHOA
942 _cJS
999 _c54977
_d54977